[Event "11th Arad Open 2018"]
[Site "Arad"]
[Date "2018.08.06"]
[Round "2"]
[White "Kersten, Julian"]
[Black "Dobre, Claudiu-Cristian"]
[Result "0-1"]
[WhiteElo "2034"]
[BlackElo "2356"]
[Annotator "TA"]
[PlyCount "158"]
[EventDate "2018.08.05"]
[EventType "swiss"]
[EventCountry "ROU"]
[SourceTitle "playchess.com"]
[Source "ChessBase"]
[SourceQuality "1"]

{[%evp 14,158,19,20,34,26,68,60,66,66,89,83,93,70,73,77,108,64,73,59,60,64,89,18,107,113,110,117,141,108,144,124,152,154,153,153,189,185,179,160,266,191,270,244,204,125,127,116,116,30,30,0,0,-6,-13,-15,0,0,0,0,0,0,0,0,0,0,1,0,0,0,0,0,0,0,0,0,0,0,0,0,0,0,0,0,0,0,0,0,0,0,0,0,0,0,0,0,0,0,0,0,0,0,0,0,0,0,0,0,0,0,0,0,0,0,0,0,0,0,0,0,0,0,0,0,0,0,0,0,0,-12834,-11331,-12840,-12840,-12839,-12839,-12843,-12842,-12842,-12843,-12843,-12843,-12843,-12843,-12843,-12843,-12849,-12849]} 1. d4 d5 2. c4 c6 3. cxd5 cxd5 4. Bg5 (4. Bf4 Nf6 5. Nc3 Nc6 6. Nf3 a6 7. Rc1 Bf5 8. e3 Rc8 9. Be2 e6 10. O-O Nd7 11. Na4 Be7 12. h3 O-O 13. a3 Na5 14. Nc5 Nc4 15. b4 Nxc5 16. dxc5 Nxa3 {1-0 (44) So,W (2778)-Carlsen,M (2843) Stavanger 2018}) 4... h6 5. Bh4 Qb6 6. Nc3 {D10: Slav Defence: 3 cxd5 (without early Nf3) and 3 Nc3} e6 7. Qd2 Ne7 8. f3 {LiveBook: 8 Games. The position is equal.} Bd7 $146 ({Predecessor:} 8... Nbc6 9. Rd1 Nf5 10. Bf2 Bb4 11. e4 Nfe7 {1-0 (54) Artemiev,V (2653)-Dreev,A (2652) Moscow 2016}) 9. Bf2 Bc6 10. e4 g6 11. Bd3 Bg7 12. Nge2 Na6 {[%cal Bb8a6,Ba6c7,Bc7b5,Bb5c3][%mdl 32]} 13. Rd1 Nc7 14. O-O O-O 15. Bb1 Nb5 16. Rfe1 Nxc3 17. Nxc3 Rad8 18. Kh1 (18. e5 $16) 18... Rd7 (18... dxe4 $11 19. fxe4 Qc7) 19. e5 $1 $16 Rc7 20. Be3 Kh7 21. Ne2 Ba4 22. b3 $1 {[%cal Rb3a4]} Bb5 23. Nf4 $1 Kg8 {[#]} 24. h4 $1 {[%cal Bh2h4,Bh4h5][%mdl 32]} Rfc8 25. Nh3 Kh7 26. h5 Nf5 {[#]} (26... Rh8 $16 {is a better defense.} 27. Nf4 Be8) 27. Bf2 $1 $18 Be8 (27... Ne7 $142 28. hxg6+ fxg6) 28. g4 Ne7 29. hxg6+ fxg6 30. Nf4 Kg8 31. Kg2 (31. Nd3 $16) 31... g5 $11 32. Nh3 Bg6 33. Bxg6 Nxg6 34. Rc1 Rc6 35. Rxc6 Qxc6 36. Be3 Qc2 37. Rc1 Qxc1 38. Qxc1 Rxc1 39. Bxc1 {[%mdl 4096] Endgame KBN-KBN} Bf8 40. f4 gxf4 41. Nxf4 (41. Bxf4 {seems wilder.} Ne7 42. Be3 Nc6 43. Kf3 Kf7 44. Nf4) 41... Nxf4+ 42. Bxf4 {KB-KB} Kf7 43. Kf3 Kg6 44. Bd2 Be7 45. Be3 Bg5 46. Bg1 Bc1 47. Bf2 Kg5 48. Kg3 Bf4+ 49. Kf3 Bd2 50. Kg3 h5 51. gxh5 Kxh5 52. Kf3 Bg5 53. Bg3 Bh4 54. Bf4 Be1 55. Ke2 Kg4 56. Bh6 Bg3 57. Bd2 Bh2 58. Be3 Bf4 {Hoping for ...Bxe3.} 59. Bf2 Bc1 60. Be1 Kf4 {Threatens to win with ...Ke4.} 61. Kd3 Kf3 62. Ba5 Kf2 63. Bc3 Kf1 64. Ba5 Kf2 65. Bc3 Ba3 66. Bd2 b6 67. Bc3 a5 68. Bd2 Bb4 {aiming for ...Bxd2.} 69. Bg5 {Bh4+ is the strong threat.} Ke1 70. a4 Kd1 $1 71. Bd8 $2 {[%mdl 8192]} (71. Bh6 $11) 71... Kc1 $19 {Black is clearly winning.} 72. Bxb6 Kb2 73. Ke3 Kxb3 74. Kf4 Bd2+ 75. Kg4 Kxa4 76. Kh5 Kb5 77. Bd8 a4 78. Be7 Bb4 79. Bxb4 Kxb4 {Precision: White = 69%, Black = 60%.} 0-1

[Event "11th Arad Open 2018"]
[Site "Arad"]
[Date "2018.08.06"]
[Round "2"]
[White "Magold, Victor"]
[Black "Toma, Radu-Cristian"]
[Result "1/2-1/2"]
[WhiteElo "2032"]
[BlackElo "2354"]
[Annotator "TA"]
[PlyCount "97"]
[EventDate "2018.08.05"]
[EventType "swiss"]
[EventCountry "ROU"]
[SourceTitle "playchess.com"]
[Source "ChessBase"]
[SourceQuality "1"]

{[%evp 17,97,14,10,15,8,-7,-10,-27,0,-10,6,-26,-19,-97,-101,-120,-120,-104,-70,-140,-112,-126,-126,-135,-129,-121,-116,-97,-99,-104,-103,-119,-119,-111,-87,-187,-182,-158,-26,-38,-31,-26,-13,-22,-17,-7,0,0,0,0,0,0,12,0,44,28,37,43,31,0,-11,-69,-27,-40,-40,-58,0,0,0,0,0,0,0,0,0,0,0,0,0,0,2,2]} 1. c4 Nf6 2. g3 e6 3. Bg2 d5 4. d4 Bb4+ 5. Bd2 Be7 6. Nf3 c6 7. Qc2 O-O 8. O-O b6 9. Ne5 Nfd7 {LiveBook: 9 Partien. E11: Damenindisch (Bogoljubow-Variante)} (9... Bb7 10. Rd1 Nfd7 11. Nd3 Nf6 12. a4 c5 13. dxc5 bxc5 14. Be3 Qc7 15. Bf4 Qc8 16. cxd5 Nxd5 17. Bxb8 Rxb8 {0-1 (41) Vidit,S (2669)-So,W (2782) Baku 2016}) 10. Nxd7 Qxd7 11. cxd5 cxd5 12. e4 Nc6 $146 {zielt auf ...La6 ab.} ({Vorgänger:} 12... Bb7 13. Nc3 dxe4 14. Bxe4 Nc6 15. Bxh7+ Kh8 16. Be4 Nxd4 17. Qd1 Bxe4 18. Nxe4 {½-½ (26) Lalith,B (2528)-Tiviakov,S (2659) Chennai 2012}) 13. Bc3 Ba6 14. Rd1 Rac8 $36 {[%mdl 2048] Weiss steht unter Druck.} 15. exd5 (15. a3 $11) 15... Nb4 $1 $17 {[%cal Rb4c2]} 16. Qd2 Nxd5 17. a4 Bc4 18. Bf1 (18. Qc2 $15) 18... Rfd8 19. Bxc4 Rxc4 20. Qc2 Rdc8 21. Qb3 h5 22. Rd3 Nxc3 23. bxc3 Qc6 24. Qb5 Qe4 25. Re3 Qc2 26. h4 (26. a5 $17 {war angesagt.}) 26... Qd1+ $19 27. Kg2 {[#]} R4c6 (27... Rxd4 $1 $17 {[%mdl 512] ...Tdd8 ist eine echte Drohung.} 28. Nd2 (28. cxd4 $2 Rc1 $19) 28... Qxa1 29. cxd4 Qxd4) 28. Qe2 Qxe2 29. Rxe2 Bd6 30. Raa2 g6 31. f4 Bf8 32. Reb2 a6 33. Rb3 Be7 34. Kf3 f6 35. Ke4 g5 36. hxg5 fxg5 37. fxg5 Kg7 38. c4 Rxc4 {Und ...Lc5 würde nun gewinnen.} 39. Rxb6 (39. Nd2 $1 $11 Rc3 40. Rxc3 Rxc3 41. Nf3) 39... Bc5 (39... Rxd4+ $5 40. Kxd4 Bc5+ 41. Ke5 Bxb6 42. Kxe6 Ba5 $17) 40. Rxe6 Rxd4+ 41. Kf3 h4 ({Lieber} 41... Rd3+ $1 $15 42. Kg2 Bd6) 42. gxh4 $11 {Die Stellung ist ausgeglichen.} Rf8+ 43. Rf6 Rxf6+ 44. gxf6+ Kxf6 {KTL-KTS} 45. Rc2 Bb4 46. Ke3 Rxh4 47. Nd2 Ke6 48. Nf3 Rh5 49. Rc6+ {Precision: Weiß = 47%, Schwarz = 51%.} 1/2-1/2

[Event "11th Arad Open 2018"]
[Site "Arad"]
[Date "2018.08.06"]
[Round "2"]
[White "Stepanencu, Nicodim-Cosmin"]
[Black "Posedaru, Bogdan"]
[Result "0-1"]
[WhiteElo "2022"]
[BlackElo "2326"]
[Annotator "TA"]
[PlyCount "50"]
[EventDate "2018.08.05"]
[EventType "swiss"]
[EventCountry "ROU"]
[SourceTitle "playchess.com"]
[Source "ChessBase"]
[SourceQuality "1"]

{[%evp 17,50,18,22,-33,-34,-71,-68,-84,-91,-81,-97,-120,-85,-118,-102,-117,-71,-159,-140,-147,-141,-178,-151,-156,-162,-364,-186,-314,-302,-509,-517,-485,-487,-683,-654]} 1. e4 c5 2. Nf3 Nc6 3. Bb5 e6 4. O-O Nge7 5. d4 cxd4 6. Nxd4 Qb6 7. Nxc6 {B30: Sizilianisch (Rossolimo-Variante)} bxc6 8. Bd3 Ng6 9. Nc3 (9. c4 Be7 10. Nc3 O-O 11. Na4 Qc7 12. c5 d5 13. cxd6 Bxd6 14. g3 c5 {1-0 (27) Caruana,F (2811)-Lenic,L (2662) chess.com INT 2018}) 9... Be7 {LiveBook: 3 Partien} 10. Be3 $146 ({Besser ist} 10. Na4 $11 Qc7 11. c4) ({Vorgänger:} 10. Na4 Qc7 11. c4 c5 12. f4 Bb7 13. Nc3 O-O 14. Bd2 f5 15. exf5 exf5 {½-½ (48) Nevednichy,V (2525)-Krasenkow,M (2631) Porticcio 2018}) 10... Qxb2 $15 11. Na4 Qb4 12. c3 {[#]} Qa5 $1 13. f4 O-O 14. Rf3 Ba6 15. Bc2 d5 16. e5 Qb5 17. Kf2 (17. Rb1 $142 Qc4 18. Bb3) 17... f5 18. Rb1 {[#]} Qa5 $1 19. Rh3 {und nun wäre Dh5 stark für Weiss.} Rfb8 20. Rxb8+ Rxb8 21. Bxa7 $2 (21. g4) 21... Be2 (21... Rb7 $142 22. Be3 Bb5) 22. Kxe2 (22. Qd4 {ist wohl besser.} Ra8 23. Kxe2 Rxa7 24. g3) 22... Nxf4+ $19 ({Nicht} 22... Qxa7 23. g3 $17) 23. Kf3 $2 (23. Kf1 {war erzwungen.} Qxa7 24. Rf3) 23... Qxa7 {Schwarz steht klar auf Gewinn.} 24. Rg3 Ng6 25. Qe1 (25. Rxg6 $142 hxg6 26. g3) 25... Bh4 {Precision: Weiß = 10%, Schwarz = 65%.} 0-1

[Event "11th Arad Open 2018"]
[Site "Arad"]
[Date "2018.08.06"]
[Round "2"]
[White "Albu, George"]
[Black "Cerovic, Danilo"]
[Result "1/2-1/2"]
[WhiteElo "2016"]
[BlackElo "2320"]
[Annotator "TA"]
[PlyCount "81"]
[EventDate "2018.08.05"]
[EventType "swiss"]
[EventCountry "ROU"]
[SourceTitle "playchess.com"]
[Source "ChessBase"]
[SourceQuality "1"]

{[%evp 25,81,0,0,-9,0,-4,18,16,25,-14,0,0,0,-8,0,-18,0,-106,18,-20,0,0,0,0,0,-49,-52,-61,-58,-45,-45,-47,-42,-82,-34,-40,0,0,0,0,0,0,0,0,0,0,0,0,0,0,0,-1,0,0,0,0,0,0]} 1. d4 Nf6 2. c4 e6 3. Nc3 Bb4 4. Nf3 c5 5. e3 d5 6. Bd3 O-O 7. O-O dxc4 8. Bxc4 Nbd7 9. Qe2 b6 10. Rd1 cxd4 11. exd4 Bxc3 12. bxc3 Qc7 13. Bb2 Bb7 {LiveBook: 4 Games} 14. Bb3 {E55: Nimzo-Indian: Rubinstein: Main Line: 7...dxc4 8 Bxc4 Nbd7} b5 15. a4 bxa4 $146 ({Predecessor:} 15... a6 16. Ne5 Nxe5 17. dxe5 Qc6 18. f3 Nd5 19. Bxd5 Qb6+ 20. Qf2 {½-½ (20) Dambacher,M (2490)-Martens,M (2411) Netherlands 2016}) 16. Bxa4 Nb6 17. Bb5 Nfd5 18. Qd2 Nf4 19. Ne1 $1 Rfd8 20. Bc1 e5 21. Qe3 {[#]} (21. Bf1 $11 {keeps the balance.}) 21... Ng6 (21... Nc4 $1 $17 {[%cal Rc4e3]} 22. Bxc4 Qxc4) 22. Bb2 exd4 23. Rxd4 Rxd4 24. Qxd4 Rd8 25. Qe3 {[#]} a6 $1 {[%mdl 512]} 26. Bd3 (26. Bxa6 Bxa6) 26... Nc4 27. Bxc4 $1 Qxc4 28. Ba3 h6 29. Bc5 Nf8 30. Qe7 Rc8 31. Qxb7 {The position is equal.} Qxc5 32. Qxa6 Qxc3 33. h3 Ne6 34. Qa3 Qf6 35. Rc1 Rd8 36. Qf3 Qg5 37. Rd1 Re8 38. Rd5 Qg6 {Hoping for ...Ng5.} 39. Nd3 Ng5 40. Qf5 Qxf5 41. Rxf5 {Precision: White = 69%, Black = 43%.} 1/2-1/2

[Event "11th Arad Open 2018"]
[Site "Arad"]
[Date "2018.08.06"]
[Round "3"]
[White "Mastrovasilis, Dimitrios"]
[Black "Stoleriu, George"]
[Result "1-0"]
[WhiteElo "2586"]
[BlackElo "2392"]
[Annotator "TA"]
[PlyCount "93"]
[EventDate "2018.08.05"]
[EventType "swiss"]
[EventCountry "ROU"]
[SourceTitle "playchess.com"]
[Source "ChessBase"]
[SourceQuality "1"]

{[%evp 10,93,14,13,19,28,92,84,118,119,112,72,72,46,160,167,156,81,85,74,94,94,85,79,79,0,0,-1,80,71,91,89,103,25,72,84,87,67,89,88,126,126,126,126,126,116,126,116,127,101,97,37,39,38,67,63,98,102,103,108,138,83,236,235,230,225,203,214,230,230,235,238,215,85,77,0,229,226,510,510,510,510,510,508,503,487]} 1. e4 e6 2. d4 d5 3. Nc3 Bb4 4. Nge2 Nf6 5. e5 Nfd7 {[%cal Bf6d7,Bd7f8,Bf8g6][%mdl 32]} 6. f4 {LiveBook: 16 Partien. C15: Französische Verteidigung (Nimzowitsch-Variante)} (6. a3 Be7 7. f4 c5 8. Be3 Nc6 9. dxc5 Bxc5 10. Bxc5 Nxc5 11. Nd4 O-O 12. b4 Nd7 13. g3 Qb6 14. Nce2 f6 15. Bg2 Nxd4 16. Qxd4 fxe5 17. fxe5 Qxd4 18. Nxd4 Nxe5 {0-1 (50) Ismagambetov,A (2531)-Vallejo Pons,F (2698) Tromsoe 2014}) 6... Be7 7. Be3 $146 ({Vorgänger:} 7. f5 Nf8 8. Nf4 exf5 9. Ncxd5 Ne6 10. g3 O-O 11. Bg2 c6 12. Nxe7+ Qxe7 13. O-O Nd7 {½-½ (24) Nitin,S (2303)-Barua,D (2497) Nagpur 2008}) 7... b6 (7... O-O $11 {hält das Gleichgewicht.}) 8. f5 $16 {Weiß steht besser.} Nf8 9. Nf4 Bg5 10. Qf3 {[#] Droht stark Sh5.} Bxf4 11. Bxf4 c6 (11... exf5 $14 12. Qxd5 Qxd5 13. Nxd5 Ne6) 12. Qg3 Rg8 13. f6 (13. Bd3 $142) 13... Ng6 14. fxg7 {[#] Und Lg5 würde nun gewinnen.} Qh4 15. Qxh4 Nxh4 16. Bg5 Nf5 17. Bd3 ({Günstiger ist} 17. Bf6 $16) 17... Rxg7 $11 18. Bxf5 {Schwarz muss nun Lh6 beachten.} exf5 (18... Rxg5 $11 19. Bd3 (19. Bxh7 Rxg2 20. O-O-O Ke7 $15) 19... Rxg2) 19. h4 $16 Nd7 20. Ne2 $36 {[%mdl 2048] Weiss ist am Drücker.} Nf8 21. Ng3 ({Lieber} 21. Nf4 $16) 21... Rg6 22. Kf2 Ne6 23. Rad1 Nxg5 24. hxg5 Ke7 25. Rxh7 Be6 26. Nh5 Rxg5 27. Nf6 Rc8 28. c3 c5 29. dxc5 bxc5 30. Nxd5+ ({Besser ist} 30. g3 $16) 30... Bxd5 $14 31. Rxd5 $16 {[%mdl 4096] Endspiel KTT-KTT} Ke6 32. c4 Rg6 33. Rh3 Rcg8 34. g3 ({Viel schwächer wäre} 34. Rxc5 $6 Rxg2+ 35. Ke3 Rxb2 $11) 34... Rg4 35. b3 (35. Rxc5 $142 Rd4 36. Ke2) 35... R8g6 $2 (35... Rd4 $16) 36. Rxc5 $18 Rd4 37. Ra5 Rd2+ 38. Ke3 Rg2 39. Rxa7 Kxe5 40. Ra5+ Ke6 41. Ra6+ (41. Kf3 $18 Rc2 42. Rh4) 41... Ke5 $16 42. Ra5+ $2 (42. Rxg6 $16 fxg6 43. Kf3) 42... Ke6 $1 $18 43. Kd4 R6xg3 $2 (43... Rg4+ 44. Kc5 R4xg3 45. Rxg3 Rxg3) 44. Ra6+ {Weiß steht klar auf Gewinn.} Ke7 45. Rxg3 Rxg3 46. Ke5 f6+ 47. Kxf5 {Precision: Weiß = 60%, Schwarz = 38%.} 1-0

[Event "11th Arad Open 2018"]
[Site "Arad"]
[Date "2018.08.06"]
[Round "3"]
[White "Vajda, Levente"]
[Black "Baratosi, Daniel"]
[Result "0-1"]
[WhiteElo "2558"]
[BlackElo "2371"]
[Annotator "RC"]
[PlyCount "66"]
[EventDate "2018.08.05"]
[EventType "swiss"]
[EventCountry "ROU"]
[SourceTitle "playchess.com"]
[Source "ChessBase"]
[SourceQuality "1"]
[TimeControl "40/5400+30:1800+30"]

1. Nf3 {[%emt 0:00:00]} g6 {[%emt 0:00:15]} 2. e4 {[%emt 0:01:14]} Bg7 {[%emt 0:00:48]} 3. d4 {[%emt 0:00:08]} d6 {[%emt 0:01:05]} 4. Nc3 {[%emt 0:00:37]} a6 {[%emt 0:01:25]} 5. a4 {[%emt 0:04:08]} b6 {[%emt 0:02:39]} 6. Bc4 {[%emt 0:03:42]} e6 {[%emt 0:00:31]} 7. Be3 {[%emt 0:04:01]} Ne7 {[%emt 0:04:39]} 8. Bb3 {[%emt 0:01:09]} h6 {[%emt 0:05:23]} 9. O-O {[%emt 0:06:40]} Nd7 {[%emt 0:07:36]} 10. Re1 {[%emt 0:04:00]} O-O {[%emt 0:04:31]} 11. h3 {[%emt 0:04:17]} Bb7 {[%emt 0:09:08]} 12. Bf4 {[%emt 0:01:27]} g5 {[%emt 0:13:11]} 13. Be3 {[%emt 0:04:08]} Ng6 {[%emt 0:00:18]} 14. Nd2 {[%emt 0:00:36]} Nf6 {[%emt 0:14:45]} 15. Qe2 {[%emt 0:03:24]} Qe7 {[%emt 0:02:44]} 16. Bc4 {[%emt 0:09:13]} Kh8 {[%emt 0:01:38]} 17. Bd3 {[%emt 0:00:29]} c5 {[%emt 0:06:12]} 18. dxc5 {[%emt 0:26:12]} bxc5 {[%emt 0:06:32]} 19. Nf3 {[%emt 0:08:17]} g4 {[%emt 0:03:19]} 20. hxg4 {[%emt 0:07:33]} Nxg4 {[%emt 0:00:02]} 21. Bd2 {[%emt 0:03:48]} Rg8 {[%emt 0:00:45]} 22. g3 {[%emt 0:02:23]} N6e5 {[%emt 0:02:30]} 23. Bf4 {[%emt 0:02:12]} Nxf3+ {[%emt 0:06:10]} 24. Qxf3 {[%emt 0:00:08]} Bd4 {[%emt 0:00:11]} 25. Nd1 {[%emt 0:00:45]} c4 {[%emt 0:03:16]} 26. Bxc4 {[%emt 0:00:34]} Qf6 {[%emt 0:01:04]} 27. Ra3 {[%emt 0:01:07]} Rac8 {[%emt 0:00:48]} 28. Rb3 {[%emt 0:01:00]} Rxc4 {[%emt 0:00:44]} 29. Rxb7 {[%emt 0:00:03]} Rxc2 {[%emt 0:00:43]} 30. Rf1 {[%emt 0:01:09]} e5 {[%emt 0:00:49]} 31. Qb3 {[%emt 0:00:08]} exf4 {[%emt 0:01:04]} 32. Rxf7 {[%emt 0:00:52]} Qh4 {[%emt 0:00:31]} 33. Rh7+ {[%emt 0:00:31]} Kxh7 {[%emt 0:00:02]} 0-1

[Event "11th Arad Open 2018"]
[Site "Arad"]
[Date "2018.08.06"]
[Round "3"]
[White "Antal, Gergely"]
[Black "Abramciuc, Marius"]
[Result "1-0"]
[WhiteElo "2549"]
[BlackElo "2357"]
[Annotator "ChessBase"]
[PlyCount "123"]
[EventDate "2018.08.05"]
[EventType "swiss"]
[EventCountry "ROU"]
[SourceTitle "playchess.com"]
[Source "ChessBase"]
[SourceQuality "1"]
[TimeControl "40/5400+30:1800+30"]

1. e4 {[%emt 0:00:00]} e5 {[%emt 0:00:00]} 2. Nf3 {[%emt 0:00:00]} Nc6 {[%emt 0:00:00]} 3. Bc4 {[%emt 0:00:15]} Bc5 {[%emt 0:00:00]} 4. b4 {[%emt 0:00:13]} Bxb4 {[%emt 0:01:20]} 5. c3 {[%emt 0:00:05]} Ba5 {[%emt 0:02:39]} 6. d4 {[%emt 0:00:33]} exd4 {[%emt 0:00:58]} 7. Qb3 {[%emt 0:00:12]} Qe7 {[%emt 0:00:41]} 8. O-O {[%emt 0:00:44]} d6 {[%emt 0:02:22]} 9. cxd4 {[%emt 0:01:30]} Bb6 {[%emt 0:01:45]} 10. Bb5 {[%emt 0:38:03]} Bd7 {[%emt 0:09:48]} 11. d5 {[%emt 0:09:12]} Nb8 {[%emt 0:04:47]} 12. Bc4 {[%emt 0:10:47]} Bg4 {[%emt 0:04:20]} 13. Bb2 {[%emt 0:00:32]} f6 {[%emt 0:05:50]} 14. a4 {[%emt 0:01:06]} a5 {[%emt 0:01:26]} 15. Nd4 {[%emt 0:01:39]} Nd7 {[%emt 0:04:28]} 16. Qg3 {[%emt 0:03:18]} Bxd4 {[%emt 0:06:25]} 17. Bxd4 {[%emt 0:00:02]} Bh5 {[%emt 0:00:17]} 18. Nc3 {[%emt 0:00:46]} Nh6 {[%emt 0:05:32]} 19. Nb5 {[%emt 0:02:54]} Ne5 {[%emt 0:00:52]} 20. Ba2 {[%emt 0:02:52]} Be2 {[%emt 0:10:21]} 21. Rfb1 {[%emt 0:00:19]} O-O {[%emt 0:02:31]} 22. Rb2 {[%emt 0:01:51]} Bxb5 {[%emt 0:04:52]} 23. Rxb5 {[%emt 0:00:02]} b6 {[%emt 0:00:21]} 24. Rc1 {[%emt 0:00:30]} Nd7 {[%emt 0:08:34]} 25. f3 {[%emt 0:02:39]} Rac8 {[%emt 0:01:32]} 26. Qh3 {[%emt 0:00:48]} Kh8 {[%emt 0:02:59]} 27. Bb1 {[%emt 0:02:06]} Nc5 {[%emt 0:02:49]} 28. Bc2 {[%emt 0:00:09]} Nf7 {[%emt 0:04:12]} 29. Re1 {[%emt 0:01:15]} Rce8 {[%emt 0:03:06]} 30. Bc3 {[%emt 0:00:57]} Qd7 {[%emt 0:01:03]} 31. Qh4 {[%emt 0:00:47]} Ne5 {[%emt 0:00:34]} 32. f4 {[%emt 0:06:39]} Qg4 {[%emt 0:00:11]} 33. Qxg4 {[%emt 0:00:29]} Nxg4 {[%emt 0:00:01]} 34. h3 {[%emt 0:00:18]} Nh6 {[%emt 0:00:09]} 35. e5 {[%emt 0:00:10]} fxe5 {[%emt 0:01:43]} 36. fxe5 {[%emt 0:00:05]} dxe5 {[%emt 0:02:42]} 37. Rxe5 {[%emt 0:00:03]} Nd7 {[%emt 0:00:51]} 38. Rxe8 {[%emt 0:07:05]} Rxe8 {[%emt 0:00:01]} 39. d6 {[%emt 0:03:31]} cxd6 {[%emt 0:01:29]} 40. Bb3 {[%emt 0:00:00]} Ng8 {[%emt 0:00:00]} 41. Bd4 {[%emt 0:18:45]} Rb8 {[%emt 0:20:13]} 42. Rd5 {[%emt 0:01:54]} Nc5 {[%emt 0:00:29]} 43. Bc2 {[%emt 0:01:01]} Rd8 {[%emt 0:01:07]} 44. Rf5 {[%emt 0:07:18]} Rd7 {[%emt 0:05:03]} 45. g4 {[%emt 0:00:06]} h6 {[%emt 0:03:06]} 46. h4 {[%emt 0:00:28]} Re7 {[%emt 0:01:34]} 47. Kf1 {[%emt 0:04:26]} Ne4 {[%emt 0:04:46]} 48. Rf8 {[%emt 0:00:06]} Nef6 {[%emt 0:01:48]} 49. Bb3 {[%emt 0:02:08]} d5 {[%emt 0:01:33]} 50. Bxf6 {[%emt 0:01:52]} gxf6 {[%emt 0:00:04]} 51. Bxd5 {[%emt 0:00:04]} Rg7 {[%emt 0:00:10]} 52. Be6 {[%emt 0:00:13]} h5 {[%emt 0:00:39]} 53. gxh5 {[%emt 0:00:21]} Kh7 {[%emt 0:00:24]} 54. Bf5+ {[%emt 0:00:12]} Kh6 {[%emt 0:01:54]} 55. Bg6 {[%emt 0:00:05]} b5 {[%emt 0:00:33]} 56. axb5 {[%emt 0:00:06]} a4 {[%emt 0:00:01]} 57. b6 {[%emt 0:01:02]} a3 {[%emt 0:00:13]} 58. Ra8 {[%emt 0:00:08]} Rb7 {[%emt 0:01:18]} 59. Rxg8 {[%emt 0:00:31]} Rxb6 {[%emt 0:00:04]} 60. Rh8+ {[%emt 0:00:08]} Kg7 {[%emt 0:00:03]} 61. Rh7+ {[%emt 0:00:04]} Kg8 {[%emt 0:00:40]} 62. Ra7 {[%emt 0:00:06]} 1-0

[Event "11th Arad Open 2018"]
[Site "Arad"]
[Date "2018.08.06"]
[Round "3"]
[White "Balog, Imre"]
[Black "Ileana, George"]
[Result "1-0"]
[WhiteElo "2540"]
[BlackElo "2324"]
[Annotator "TA"]
[PlyCount "61"]
[EventDate "2018.08.05"]
[EventType "swiss"]
[EventCountry "ROU"]
[SourceTitle "playchess.com"]
[Source "ChessBase"]
[SourceQuality "1"]

{[%evp 15,61,4,13,10,12,0,8,0,0,-6,113,92,147,148,148,152,147,123,144,74,162,182,167,147,187,192,191,172,222,216,295,283,285,314,320,299,385,326,589,586,1209,1187,1093,962,12835,12833,5215,3959]} 1. d4 Nf6 2. Bg5 e6 3. e4 h6 4. Bxf6 Qxf6 5. Nc3 Bb4 6. Qd2 d6 7. a3 Ba5 8. Nf3 O-O {LiveBook: 4 Games} 9. e5 {A45: Trompowsky Attack} (9. Bd3 Nc6 10. Bb5 Qg6 11. Qe3 e5 12. Bxc6 bxc6 13. O-O Bb6 14. Ne2 Bg4 15. c3 Rfe8 16. Rfe1 d5 17. exd5 exd4 {0-1 (58) Martirosyan,H (2389)-Babujian,L (2479) Yerevan 2015}) 9... Qe7 10. Bd3 dxe5 11. dxe5 {The position is equal.} c5 $146 ({Predecessor:} 11... Bd7 12. b4 Bb6 13. Ne4 Rd8 14. Qf4 Ba4 15. Nf6+ Kf8 16. Qh4 Nd7 {1-0 (26) Rooms,T (2278)-Van Seben,E (2243) IECG email 2005}) 12. O-O b6 (12... Bd7 $11) 13. Qf4 Ba6 (13... Bb7 $142) 14. Nb5 $16 Bxb5 15. Bxb5 {[#] And now Qe4 would win.} a6 16. Bd3 {Threatens to win with Qe4.} Ra7 17. a4 $40 {[%mdl 128] White attacks with force.} (17. Qe4 $142 {[%csl Gd3][%cal Re4h7]} g6 18. Qe3) 17... Rd8 (17... Qb7 $16) 18. Qe4 $18 {White wants to mate with Qh7+.} g6 19. h4 Nd7 {[#]} 20. h5 $1 {[%mdl 512]} Nf8 (20... gxh5 21. Qh7+) 21. hxg6 Nxg6 22. g3 Rad7 23. Bxa6 Rd4 24. Nxd4 Rxd4 25. Qa8+ Kg7 26. Rad1 {[%cal Ba1d1,Bd1d8,Bd8g8][%mdl 32]} Rxa4 $2 (26... Qg5 27. Rxd4 cxd4) 27. Rd8 {Rg8+ would kill now.White is clearly winning.} Nxe5 28. Rg8+ Kf6 29. Qh1 Bd2 30. f4 Ng6 31. Qxh6 {Precision: White = 92%, Black = 28%.} 1-0